00685nam a2200229 a 4500001001300000003000900013005001700022008004100039020002200080082001600102100002400118245002800142260005200170300001000222500003500232650001700267700002400284902000800308942000700316952011500323999001700438nice12345678IN_TiNIC20260116014417.0140912s2008 muma grp 000 0 eng  a8171765408 c8000a291.4bFER3 aFernandez, Percival a100 Inspiring Anecdotes aMumbai bPauline Sisters Training School c2008 a144p  aincludes index and biblioraphy aSpirituality1 aFernandez, Percival bSRS cBK 001040708StackRoom-aHMIbHMId2005-01-01g80.00l0o291.4 FER3p024700r2005-01-01v80.00w2014-09-12yBK c15175d15175